England Euros 2020 Squad - Statistics

General Stats
  • This quiz has been taken 908 times
  • The average score is 20 of 26
Answer Stats
Hint Answer % Correct
GK Jordan Pickford
98%
FWD Harry Kane
96%
DEF Harry Maguire
92%
DEF John Stones
89%
FWD Marcus Rashford
88%
MID Jordan Henderson
87%
DEF Kyle Walker
87%
GK Dean Henderson
86%
FWD Raheem Sterling
86%
DEF Luke Shaw
84%
FWD Bukayo Saka
82%
FWD Phil Foden
81%
MID Declan Rice
79%
FWD Jack Grealish
77%
DEF Kieran Trippier
77%
FWD Jadon Sancho
76%
MID Jude Bellingham
72%
MID Kalvin Phillips
71%
MID Mason Mount
71%
DEF Trent Alexander-Arnold
67%
DEF Reece James
62%
DEF Ben Chilwell
56%
DEF Tyrone Mings
56%
DEF Conor Coady
48%
GK Sam Johnstone
48%
FWD Dominic Calvert-Lewin
46%
No matching quizzes found
Score Distribution
Percent of People with Each Score
Percentile by Number Answered
Your Score History
You have not taken this quiz